000 01046nam a22003257a 4500
001 0036554
003 KOHA_MİRAKIL
005 20260207003010.0
007 ta
008 120430b2006 tu a|||gr||||#||||0|tur |
020 _a9756009160
_q9789756009161
_c39,68
040 _aTR-BiSEU
_btur
_cTR-BiSEU
_erda
041 0 _atur
044 _ctu
050 _aTA706
_b.W95 2006
100 1 _aWyllie, Duncan C..
245 1 _aKaya şev mühendisliği=Rock slopes civil and mining engineering/
_cDuncan C. Wyllie ; Duncan C. Wyllie, Christopher W. Mah ;çeviren Kamil Kayabalı..
250 _a4.baskı.
264 1 _aAnkara :
_bGazi Kitabevi
_c2006
300 _a437 sayfa :
_bşkl. ;
_c25 cm.
336 _ametin
_btxt
_2rdacontent
337 _aaracısız
_bn
_2rdamedia
338 _acilt
_bnc
_2rdacarrier
500 _aEserin özgün adı :Rock slopes civil and mining engineering.
500 _aDizin var.
500 _aKaynakça var.
650 0 _aKaya yamaçları.
_969233
650 0 _aRock slopes.
_969234
942 _2lcc
_cBK
999 _c36446
_d36446